Etats des Etats-Unis les plus devinés sur Jetpunk - Statistiques

Statistiques générales
  • Ce quiz a été pris 154 fois
  • Le résultat moyen est 9 sur 12
Statistiques - réponses
Pourcentage Etat % Correct
94 Texas
99%
94 Californie
96%
91 New York
94%
91 Floride
89%
88 Washington
85%
88 Alaska
63%
72 Nevada
61%
76 Hawaï
56%
76 Caroline du Sud
54%
77 Caroline du Nord
53%
73 Alabama
51%
68 Nouveau-Mexique
49%
Aucun quiz correspondant
Distribution des résultats
% des personnes avec chaque résultat
Percentile par nombre de réponses
Votre historique - résultats
Vous n’avez pas pris ce quiz